Introduction to phycology (Record no. 92943)

MARC details
000 -LEADER
fixed length control field 00347nam a2200145Ia 4500
008 - FIXED-LENGTH DATA ELEMENTS--GENERAL INFORMATION
fixed length control field 230917s9999||||xx |||||||||||||| ||und||
040 ## - CATALOGING SOURCE
-- 71735
Original cataloging agency VIVEKANANDA LIBRARY
041 ## - Language
-- English
082 ## - DDC NUMBER
Classification number 589.3 S87I
100 ## - MAIN ENTRY--PERSONAL NAME
Personal name South, G Robin
245 #0 - TITLE STATEMENT
Title Introduction to phycology
260 ## - PUBLICATION, DISTRIBUTION, ETC. (IMPRINT)
Place of publication, distribution, etc Oxford
Name of publisher, distributor, etc Blackwell
Date of publication, distribution, etc 1996
300 ## - PHYSICAL DESCRIPTION
Pages vii, 341 p.
942 ## - ADDED ENTRY ELEMENTS (KOHA)
Koha item type Books
Holdings
Withdrawn status Lost status Damaged status Not for loan Location (home branch) Sublocation or collection (holding branch) Date acquired Koha issues (times borrowed) Koha full call number Accession No. Koha date last seen Koha item type
        VIVEKANANDA LIBRARY VIVEKANANDA LIBRARY 05/02/2003 1 589.3 S87I 174178 08/11/2024 Books
© Designed and Maintained by Vivekananda Library, MDU Rohtak